[Event "Vancouver Intermat"]
[Site "Vancouver"]
[Date "2016.05.14"]
[Round "1.8"]
[White "Guo, Veronica"]
[Black "Levine, Joseph1111"]
[Result "0-1"]
[WhiteElo "1087"]
[BlackElo "1668"]
[PlyCount "108"]
[EventDate "2016.05.14"]
[EventType "swiss"]
[EventRounds "2"]
[EventCountry "CAN"]
[SourceTitle "EXT 2022"]
[Source "ChessBase"]
[SourceDate "2021.10.06"]
[SourceVersion "1"]
[SourceVersionDate "2021.10.06"]
[SourceQuality "1"]

1. e4 e6 2. d4 d5 3. e5 c5 4. c3 Nc6 5. Nf3 Be7 6. a3 f6 7. b4 fxe5 8. Nxe5 Nxe5 9. dxe5 c4 10. Qg4 g6 11. Qd4 Bd7 12. a4 Qb6 13. Qxb6 axb6 14. b5 Bxb5 15. Be2 Rxa4 16. Rxa4 Bxa4 17. Be3 Bc5 18. Bd2 Ne7 19. Bg5 Nc6 20. Bg4 Nxe5 21. Bxe6 Nd3+ 22. Ke2 Rf8 23. Bh4 Nf4+ 24. Kd2 Nxe6 25. Re1 Kd7 26. Re5 Rf5 27. Re2 Nf4 28. g4 Nxe2 29. gxf5 Nf4 30. fxg6 Nxg6 31. Bg3 Bd6 32. Bxd6 Kxd6 33. Na3 Ne5 34. h3 Kc5 35. f4 Nd7 36. Ke3 b5 37. f5 b4 38. cxb4+ Kxb4 39. Nb1 Bc2 40. Nd2 c3 41. Nf3 Bxf5 42. Nd4 Bxh3 43. Nc2+ Kb3 44. Nd4+ Kb2 45. Kd3 Bf5+ 46. Ke2 c2 47. Nxc2 Bxc2 48. Ke3 h5 49. Kd4 h4 50. Kxd5 h3 51. Kd4 h2 52. Kc4 h1Q 53. Kb5 Qc6+ 54. Ka5 Qb6# 0-1